Atom transfer radical graft copolymerization on a poly(epichlorohydrin-co-ethylene oxide) (eco) elastomer (Record no. 54582)

MARC details
000 -LEADER
fixed length control field 00508nam a2200157Ia 4500
100 ## - MAIN ENTRY--AUTHOR NAME
Personal name Manikyaharithus Kalaga
245 #0 - TITLE STATEMENT
Title Atom transfer radical graft copolymerization on a poly(epichlorohydrin-co-ethylene oxide) (eco) elastomer
260 ## - PUBLICATION, DISTRIBUTION, ETC. (IMPRINT)
Name of publisher Rubber Chemistry and Technology
Year of publication 2008
300 ## - PHYSICAL DESCRIPTION
Number of Pages 47-59
500 ## - GENERAL NOTE
General note Source Year: 2008
650 ## - SUBJECT ADDED ENTRY--TOPICAL TERM
Topical Term Graft copolymerization
650 ## - SUBJECT ADDED ENTRY--TOPICAL TERM
Topical Term Radical polymerization
700 ## - ADDED ENTRY--PERSONAL NAME
Personal name Singha Nikhil K
942 ## - ADDED ENTRY ELEMENTS (KOHA)
Koha item type Journals
Holdings
Withdrawn status Lost status Damaged status Not for loan Home library Current library Shelving location Date acquired Serial Enumeration / chronology Koha item type
      Journals RRII Library RRII Library Rubber technology 17/09/2008 Volume 81, Issue 1 Journals